000 00466nam a2200181Ia 4500
001 9280
005 20260306160712.0
008 260306t2009||||xx |||||||||||||| ||spa||
041 _aESP
082 _a378.04
_bR24
100 _aRamos Núñez, Carlos
_eAUT
245 0 _aCrónicas de claustro:
_bhistoria de la facultad de derecho de la PUCP
260 _c2009
300 _a279 páginas :
_c28 cm.
650 _aGEN
654 _aCED
942 _cLIB
_dJUS
_fJUS
_2ddc
_n
999 _c9280
_d9280